01170nam a2200301 i 4500003000900000005001700009007000300026008004100029020001800070040003000088082001400118100003900132245014400171264004900315300003600364336002700400337003300427338002800460490003600488500006900524504003100593590002600624700004600650910001400696942001400710952012700724999001700851DO-SdBNP20240827154237.0ta240827s2011 py c 000 spa d a9789995311278 aDO-SdBNPbspacBNPHUerda 222bR484G1 aRibeiro, Anad1955-eautora98641810aGaspar Rodríguez de Francia :bel hombre de la independencia y el aislamiento paraguayo /cAna Ribeiro ; prólogo Herib Caballero Campos 1aAsunción, Paraguay :bEl Lector, c[2011.] a138 páginasbretratosc19 cm. 2rdacontentatextobtxt 2rdamediaasin mediaciónbn 2rdacarrieravolumenbnc1 aProtagonistas de la historiav1 aIncluye datos biografícos de la autora en la página 137-138. aBibliografía p: 131-136. aInventariado,2024/ YL1 aCaballero Campos, Heribeprólogo986419 aYLockward 2ddccLBS1 00102ddc56708GRaBNPHUbBNPHUcCTd2018-01-22eDonación l0oBNPHU GR R484Gp2024-5125r2024-08-27w2024-08-27yLBS1 c57562d57562